00769 a2200181 45000010006000000050017000060080041000230030015000640400040000790800035001192450034001540200018001882640032002063000017002385050180002551000028004358560124004632171220260407155508.0260407a1982 arg spa dAR-UNSa-BCEJYS aAR-UNSa-BCEJYSbspacAR-UNSa-BCEJYS a347.72xSociedades comerciales10aLey de sociedades comerciales a950-069-022-5 1aBuenos Aires :bAbacoc1982 a2 v.c23 cm. aVol. 1: 1. Disposiciones generales - 2. De las sociedades en particular -- Vol. 2: 2. De las sociedades en particular - 3. De las disposiciones de aplicación y transitorias 1 aNissen, Ricardo Augusto41uhttps://biblioeco.unsa.edu.ar/pmb/images/libros/Ley de Sociedades Comerciales(Tomo1).jpgyImagen de portadaqimage/jpeg